Caracteres / (Record no. 174460)

MARC details
000 -LEADER
campo de control de longitud fija 01136nam a2200325 4500
001 - NÚMERO DE CONTROL
campo de control 174460
003 - IDENTIFICADOR DE NÚMERO DE CONTROL
campo de control ES-MaACL
005 - FECHA Y HORA DE LA ÚLTIMA TRANSACCIÓN
campo de control 20250718062552.0
008 - DATOS DE LONGITUD FIJA--INFORMACIÓN GENERAL
campo de control de longitud fija 100423s1988 sp |||| |dspa d
017 ## - NÚMERO DE COPYRIGHT O DE DEPÓSITO LEGAL
Número de copyright o de depósito legal M 39631-1988
020 ## - NÚMERO INTERNACIONAL ESTÁNDAR DEL LIBRO
Número Internacional Estándar del Libro 84-249-1298-5
080 ## - NÚMERO DE LA CLASIFICACIÓN DECIMAL UNIVERSAL
Número de la Clasificación Decimal Universal 159.923(02)"-03"
080 ## - NÚMERO DE LA CLASIFICACIÓN DECIMAL UNIVERSAL
Número de la Clasificación Decimal Universal 17
080 ## - NÚMERO DE LA CLASIFICACIÓN DECIMAL UNIVERSAL
Número de la Clasificación Decimal Universal 821.14-6"02"
100 0# - ENTRADA PRINCIPAL--NOMBRE DE PERSONA
Nombre de persona Teofrasto.
9 (RLIN) 109716
245 10 - MENCIÓN DEL TÍTULO
Título Caracteres /
Mención de responsabilidad, etc. Teofrasto. Cartas de pescadores, campesinos, parásitos y cortesanas / Alcifrón ; introducciones, traducciones y notas por Elisa Ruiz García.
260 ## - PUBLICACIÓN, DISTRIBUCIÓN, ETC.
Lugar de publicación, distribución, etc. Madrid :
Nombre del editor, distribuidor, etc. Gredos,
Fecha de publicación, distribución, etc. 1988.
300 ## - DESCRIPCIÓN FÍSICA
Extensión 327 p. ;
Dimensiones 20 cm.
490 1# - MENCIÓN DE SERIE
Mención de serie Biblioteca clásica Gredos ;
Designación de volumen o secuencia 119
504 ## - NOTA DE BIBLIOGRAFÍA, ETC.
Nota de bibliografía, etc. Bibliografía: p. [45]-48, p. [169]-172.
594 ## - Nota al título y mención de responsabilidad
Nota al título y mención de responsabilidad Traducido del griego.
650 #7 - PUNTO DE ACCESO ADICIONAL DE MATERIA--TÉRMINO DE MATERIA
Término de materia o nombre geográfico como elemento de entrada Ética
Fuente del encabezamiento o término embne
9 (RLIN) 12577
650 #4 - PUNTO DE ACCESO ADICIONAL DE MATERIA--TÉRMINO DE MATERIA
Término de materia o nombre geográfico como elemento de entrada Carácter-
Subdivisión de forma Obras anteriores a 1800.
9 (RLIN) 142571
700 1# - ENTRADA AGREGADA--NOMBRE PERSONAL
Nombre de persona Alcifrón.
Título de la obra Epístolas.
9 (RLIN) 142572
700 1# - ENTRADA AGREGADA--NOMBRE PERSONAL
Nombre de persona Ruiz García, Elisa.
9 (RLIN) 100813
740 0# - ENTRADA AGREGADA--TÍTULO RELACIONADO/ANALÍTICO NO CONTROLADO
Título relacionado o analítico no controlado Cartas de pescadores, campesinos, parásitos y cortesanas.
830 0# - PUNTO DE ACCESO ADICIONAL DE SERIE-TÍTULO UNIFORME
Título uniforme Biblioteca clásica Gredos ;
Designación de volumen o secuencia 119
9 (RLIN) 177556
852 4# - LOCALIZACIÓN
Ubicación BA
Número de control de estantería C-57134
Holdings
Estatus retirado Estado de pérdida Estado de daño No para préstamo Biblioteca de origen Biblioteca actual Ubicación en estantería Fecha de adquisición Fuente de adquisición Total de préstamos Signatura topográfica completa Código de barras Visto por última vez Precio de reemplazo Tipo de ítem Koha
        Biblioteca del Ateneo de Madrid Biblioteca del Ateneo de Madrid Depósito 2 23/04/2010     C-57134 1183127 23/02/2023 23/02/2023 Libro impreso